The reinvention of work : A new vision of livelihood for our time

में बचाया:
ग्रंथसूची विवरण
मुख्य लेखक: Fox, Matthew
स्वरूप: पुस्तक
भाषा:Undetermined
प्रकाशित: New York Harper SanFrancisco 1994
विषय:
टैग : टैग जोड़ें
कोई टैग नहीं, इस रिकॉर्ड को टैग करने वाले पहले व्यक्ति बनें!
Thư viện lưu trữ: Trung tâm Học liệu Trường Đại học Cần Thơ
LEADER 00524nam a2200193Ia 4500
001 CTU_79191
008 210402s9999 xx 000 0 und d
082 |a 306.3 
082 |b F787 
100 |a Fox, Matthew 
245 4 |a The reinvention of work : 
245 2 |b A new vision of livelihood for our time 
245 0 |c Matthew Fox 
260 |a New York 
260 |b Harper SanFrancisco 
260 |c 1994 
650 |a Work,Work 
650 |x Religious aspects 
980 |a Trung tâm Học liệu Trường Đại học Cần Thơ